000 00731nam a2200289Ia 4500
005 20260324133722.0
008 008 260324s9999 xx 000 0 eng d
020 _a9781315199399
037 _aEBOOK
040 _aCRL
040 _beng
040 _cCRL
041 _2eng
041 _aeng
084 _qCRL
100 _aArco I. Timmermans
_91194129
245 0 _aHigh Politics in the Low Countries
245 3 _bAn Empirical Study of Coalition Agreements in Belgium and The Netherlands
260 _bTaylor and Francis
260 _c2003
365 _a
365 _b170
856 _uhttp://www.taylorfrancis.com/books/9781315199399
942 _cEBOOK
999 _c1793476
_d1793476